01440nam a22003137a 4500003000400000005001700004008004100021020001900062040002100081041000800102082001800110100005600128245018900184260004700373300008000420500004800500520015300548650004600701650005500747650004500802650003500847650004500882650003600927650004200963700004901005700004501054942001201099999001501111OSt20210224143400.0210224s2016 ck ao||er|||| 00| j spa d a9789588997247  aCO-JMCRcCO-JMCR0 aspa04aC /bLOZb2231 aLozano Rodríguez, Jessica Jaidyd, eautora91388310aBogotá cuenta : buniversos de tierra y tiempo / cJessica Jaidyd Lozano Rodríguez [y otros 25] ; compilación y edición Mery Yolanda Sánchez ; fotografía Margarita Mejía  a[Bogotá] : bIdartes, c2016 impresión a172 páginas : bilustraciones y fotografías a blanco y negro ; c24 cm. aIncluye datos biográficos de los autores.3 aRecopilación de narrativa y poesía que da cuenta de lo que los ciudadanos escriben, de lo que los inquieta, de las historias que quieren contar.14aCuentos colombianosxcolecciones 91154624aPoesía colombianavcoleccionesySiglo XXI91388424aPoesía colombiana xcolecciones91388524aLiteratura colombiana 91388624aVida cotidiana en la literatura 91388724aSueños en la literatura9178924aPensamientos en la literatura 9138881 aSánchez, Mery Yolanda, ecompilador9138891 aMejía, Margarita, efotógrafo913890 2ddccBK c7318d7318